Russian Names for Rooms Quiz Stats

 Plays Quiz not verified by Sporcle

Challenge
Share
Tweet
Embed
Score 0/23 Timer 20:00
0 Plays Today
Russian Word English Word % Correct
домhouse
95.1%
окноwindow
91.8%
туалетtoilet
90.2%
коридорcorridor
88.5%
кухняkitchen
88.5%
дверьdoor
86.9%
балконbalcony
86.9%
ваннаяbathroom
83.6%
квартираapartment
80.3%
комнатаroom
78.7%
спальняbedroom
75.4%
зданиеbuilding
67.2%
Russian Word English Word % Correct
гостинаяliving room
65.6%
столоваяdining room
62.3%
гардеробwardrobe
60.7%
стенаwall
57.4%
полfloor
47.5%
дачаsummer house
42.6%
лестницаstairs
39.3%
потолокceiling
34.4%
кабинетstudy
32.8%
подвалbasement
27.9%
чердакattic
19.7%

You're not logged in!

Compare scores with friends on all Sporcle quizzes.
Join for Free
OR
Log In

You Might Also Like...

Show Comments

Extras

Top Quizzes Today


Score Distribution

Your Account Isn't Verified!

In order to create a playlist on Sporcle, you need to verify the email address you used during registration. Go to your Sporcle Settings to finish the process.

Report this User

Report this user for behavior that violates our Community Guidelines.

Details: